Obálka Náhled e-knihy:
PDF Epub
Pro půjčování e-knih musíte být přihlášeni.
Jak si půjčit online?

Historie Duny. Služebnický džihád /

Sci-fi román o válce lidí proti myslícím strojům. Kniha předchází cyklu Předehry k Duně a Duna od Franka Herberta.

Uloženo v:
Série:Historie Duny, část 1
Hlavní autor: Herbert, Brian, 1947- (Autor)
Další autoři: Anderson, Kevin J., 1962- (Autor), Volhejnová, Veronika, 1962- (Autor)
Médium: E-kniha
Jazyk:Czech
Vydáno: Praha : Baronet, 2024
Vydání:2. vydání
Témata:
Příbuzné jednotky:Přeloženo z: Dune
Z cyklu:: Historie Duny
Tagy:
Žádné tagy
LEADER 02874nam a2200481 i 4500
001 312228
003 CZ PrSKC
005 20260601215719.0
007 ta
008 240125s2024 xr g 000 f cze
015 |a cnb003584653 
020 |a 9788026921295  |q (vázáno) 
035 |a (OCoLC)1425860310 
040 |a ABG001  |b cze  |e rda 
041 1 |a cze  |h eng 
072 7 |a 821.111(73)-3  |x Americká próza  |2 Konspekt 
080 |a 821.111(73)-31  |2 MRF 
080 |a (0:82-311.9)  |2 MRF 
100 1 |a Herbert, Brian,  |d 1947-  |7 jn20001103600  |4 aut 
240 1 0 |a Butlerian jihad.  |l Česky 
245 1 0 |a Historie Duny.  |p Služebnický džihád /  |c Brian Herbert, Kevin J. Anderson ; z anglického originálu Dune: The butlerian jihad přeložila ... Veronika Volhejnová 
246 3 0 |a Služebnický džihád 
250 |a 2. vydání 
264 1 |a Praha :  |b Baronet,  |c 2024 
300 |a 639 stran ;  |c 21 cm 
336 |a text  |b txt  |2 rdacontent 
337 |a bez média  |b n  |2 rdamedia 
338 |a svazek  |b nc  |2 rdacarrier 
520 2 |a Sci-fi román o válce lidí proti myslícím strojům. Kniha předchází cyklu Předehry k Duně a Duna od Franka Herberta.  |b Princezna Irulán nás uvádí do světa hluboké minulosti, kdy se další "nové" impérium teprve rodí v bolesti a krvi zápasu o zachování svobody lidstva. Hlavní osou knihy je příběh životních osudů dvou hlavních postav, Sereny a Xaviera, milenců a později manželského páru, který je od sebe násilím odtržen. Serena se dostává do zajetí myslících strojů a stává se součástí krutého experimentu robota hledajícího podstatu lidství. Xavier, domnívající se, že je jeho žena mrtvá, ztrácí naději a ponořuje se zcela do boje proti umělé inteligenci, která hrozí vyhubit vše lidské. Jejich osudy smýkané válkou spějí k znovusetkání. Bude to však setkání šťastné? Životní zážitky je oba proměnily a změnily. 
655 7 |a americké romány  |7 fd131796  |2 czenas 
655 7 |a vědecko-fantastické romány  |7 fd133847  |2 czenas 
655 9 |a American fiction  |2 eczenas 
655 9 |a science fiction novels  |2 eczenas 
700 1 |a Anderson, Kevin J.,  |d 1962-  |7 jn20001103601  |4 aut 
700 1 |a Volhejnová, Veronika,  |d 1962-  |7 jn20010309724  |4 trl 
765 0 |t Dune 
787 0 8 |i Z cyklu:  |t Historie Duny  |g 1 
900 |a ABA001  |b 20 
928 9 |a Albatros Media - Baronet 
044 |a xr 
910 |a RBIT002 
998 |d 394695  |a https://core.palmknihy.cz/api/books/394695/cover?s7s2sq  |b https://core.palmknihy.cz/api/books/394695/cover/400?s7s2sq  |c https://core.palmknihy.cz/api/books/394695/cover/50?s7s2sq  |e 2028-08-08  |g 640  |i 9788026921295  |j https://core.palmknihy.cz/api/books/394695/preview.epub  |k https://core.palmknihy.cz/api/books/394695/preview.pdf  |l   |q 49  |r 1  |s https://www.palmknihy.cz/kniha/394695  |t ebook  |y 2024  |z 0  |v Historie Duny  |w 1 
999 |d 312226